Flood risk management of nullah lai (Record no. 232243)

000 -LEADER
fixed length control field 00457nam a22001697a 4500
003 - CONTROL NUMBER IDENTIFIER
control field Nust
005 - DATE AND TIME OF LATEST TRANSACTION
control field 20241029115635.0
008 - FIXED-LENGTH DATA ELEMENTS--GENERAL INFORMATION
fixed length control field 170216b xxu||||| |||| 00| 0 eng d
040 ## - CATALOGING SOURCE
Transcribing agency Nust-MCE
082 ## - DEWEY DECIMAL CLASSIFICATION NUMBER
Classification number 200
100 ## - MAIN ENTRY--PERSONAL NAME
Personal name Azam Masood
9 (RLIN) 126569
245 ## - TITLE STATEMENT
Title Flood risk management of nullah lai
Statement of responsibility, etc. Masood Azam
260 ## - PUBLICATION, DISTRIBUTION, ETC.
Place of publication, distribution, etc. Risalpur,
Name of publisher, distributor, etc. MCE,
Date of publication, distribution, etc. 2015.
300 ## - PHYSICAL DESCRIPTION
Extent 92p.
856 ## - ELECTRONIC LOCATION AND ACCESS
Uniform Resource Identifier <a href=" http://10.250.8.41:8080/xmlui/handle/123456789/11799"> http://10.250.8.41:8080/xmlui/handle/123456789/11799</a>
942 ## - ADDED ENTRY ELEMENTS (KOHA)
Koha item type Soft Copy
Source of classification or shelving scheme
Holdings
Withdrawn status Lost status Source of classification or shelving scheme Damaged status Not for loan Permanent Location Current Location Shelving location Date acquired Full call number Barcode Date last seen Price effective from Koha item type
          Central Library (CL) Central Library (CL) Thesis 10/29/2020 200 CL-T-6459 10/29/2020 10/29/2020 Soft Copy
© 2023 Central Library, National University of Sciences and Technology. All Rights Reserved.